Pro SQL Server 2012 Practices /

Pro SQL Server 2012 Practices Edition is an anthology of high-end wisdom from a group of accomplished database administrators who are quietly but relentlessly pushing the performance and feature envelope of Microsoft SQL Server 2012. With an emphasis upon performance-but also branching into release...

Full description

Bibliographic Details
Main Authors: Ball, Bradley (Author), Belt, TJay (Author), Berry, Glenn (Author), Borland, Jes (Author), Bossy, Carlos (Author), Davidson, Louis (Author), DeBow, Ben (Author), Fritchey, Grant (Author), Gardner, Jonathan (Author), Johansen, Jesper (Author), Lowell, Jeremy (Author), Pastrick, Wendy (Author), Pot'Vin, Kellyn (Author), Prajdić, Mladen (Author), Roggero, Herve (Author), Shaw, Chris (Author), Shaw, Gail (Author), Strate, Jason (Author)
Corporate Author: Safari, an O'Reilly Media Company
Format: eBook
Language:English
Published: Apress, 2012.
Edition:1st edition.
Subjects:
Online Access:Connect to this electronic resource

MARC

Tag First Indicator Second Indicator Subfields
LEADER 00000uam a2200000 a 4500
001 in00004261421
005 20260123224703.4
006 m o d
007 cr cn
008 100513s2012 xx o eng
020 |z 9781430247708 
020 |z 1430247703 
035 |a (CaSebORM)9781430247708 
040 |d UtOrBLW 
041 0 |a eng 
100 1 |a Ball, Bradley,  |e author.  |0 http://id.loc.gov/authorities/names/no2014166315 
245 1 0 |a Pro SQL Server 2012 Practices /  |c Ball, Bradley. 
250 |a 1st edition. 
264 1 |b Apress,  |c 2012. 
300 |a 1 online resource (504 pages) 
336 |a text  |b txt  |2 rdacontent 
337 |a computer  |b c  |2 rdamedia 
338 |a online resource  |b cr  |2 rdacarrier 
347 |a text file 
520 |a Pro SQL Server 2012 Practices Edition is an anthology of high-end wisdom from a group of accomplished database administrators who are quietly but relentlessly pushing the performance and feature envelope of Microsoft SQL Server 2012. With an emphasis upon performance-but also branching into release management, auditing, and other issues-the book helps you deliver the most value for your company's investment in Microsoft's flagship database system Goes beyond the manual to cover good techniques and best practices Delivers knowledge usually gained only by hard experience Focuses upon performance, scalability, reliability Helps achieve the predictability needed to be in control at all times What you'll learn Migrate to the new Extended Events framework for troubleshooting performance problems Automate the tracking of key performance indicators such as available disk space, cpu utilization, index fragmentation, and more Design performance into your database and its applications from the very beginning Manage staged releases from development to test through to production Diagnose resource and performance problems via dynamic management views Analyze I/O patterns and plan reliably to obtain the performance you need Who this book is for Pro SQL Server 2012 Practices is aimed at SQL Server professionals who want to further their careers through expert-level practices in performance management, scalability, predictability, and security. 
533 |a Electronic reproduction.  |b Boston, MA :  |c Safari,  |n Available via World Wide Web.  |d 2012. 
538 |a Mode of access: World Wide Web. 
542 |f Copyright © 2012 by Bradley Ball, TJay Belt, Glenn Berry, Jes Borland, Carlos Bossy, Louis Davidson, Jeremy Lowell, Ben DeBow, Grant Fritchey, Wendy Pastrick, Kellyn Pot'vin, Jonathan Gardner, Jesper Johansen, Mladen Prajdiæ, Herve Roggero, Chris Shaw, Gail Shaw, Jason Strate  |g 2012 
588 |a Online resource; Title from title page (viewed October 31, 2012) 
500 |a Electronic resource. 
655 7 |a Electronic books.  |2 local 
700 1 |a Belt, TJay,  |e author. 
700 1 |a Berry, Glenn,  |e author.  |0 http://id.loc.gov/authorities/names/no2016019754 
700 1 |a Borland, Jes,  |e author. 
700 1 |a Bossy, Carlos,  |e author. 
700 1 |a Davidson, Louis,  |e author.  |0 http://id.loc.gov/authorities/names/no2004038046 
700 1 |a DeBow, Ben,  |e author. 
700 1 |a Fritchey, Grant,  |e author.  |0 http://id.loc.gov/authorities/names/no2009196196 
700 1 |a Gardner, Jonathan,  |e author.  |0 http://id.loc.gov/authorities/names/n2006059816 
700 1 |a Johansen, Jesper,  |e author. 
700 1 |a Lowell, Jeremy,  |e author.  |0 http://id.loc.gov/authorities/names/no2014116657 
700 1 |a Pastrick, Wendy,  |e author. 
700 1 |a Pot'Vin, Kellyn,  |e author.  |0 http://id.loc.gov/authorities/names/n2016027289 
700 1 |a Prajdić, Mladen,  |e author. 
700 1 |a Roggero, Herve,  |e author.  |0 http://id.loc.gov/authorities/names/no2011073860 
700 1 |a Shaw, Chris,  |e author.  |0 http://id.loc.gov/authorities/names/no2006130748 
700 1 |a Shaw, Gail,  |e author. 
700 1 |a Strate, Jason,  |e author. 
710 2 |a Safari, an O'Reilly Media Company. 
856 4 0 |u https://proxy.library.tamu.edu/login?url=https://go.oreilly.com/TAMU/library/view/-/9781430247708/?ar  |z Connect to this electronic resource  |t 0 
999 f f |s bca04f8a-f284-38fa-8233-81733f1feaa0  |i 5b409709-bc7a-3ae6-b9f5-e8dfe2a6d19f  |t 0 
952 f f |a Texas A&M University  |b College Station  |c Electronic Resources  |s www_evans  |d Available Online  |t 0  |h No information provided 
998 f f |t 0  |l Available Online